| 000 | 00707cam a22002292 4500 | ||
|---|---|---|---|
| 001 | 0000005121 | ||
| 005 | 20151217151953.0 | ||
| 008 | 070606s xx 000 0 eng d | ||
| 020 |
_a1566706335 : _cGBP 30.99 |
||
| 040 |
_aKABU _cKABU |
||
| 050 | 0 |
_aTD193 _b.M36 2005 |
|
| 100 | 1 |
_aManahan, Stanley E. _@0000156226 |
|
| 245 | 1 | 0 |
_aEnvironmental chemistry / _cStanley E. Manahan. |
| 250 | _a8th ed. | ||
| 260 |
_aBoca Raton : _bCRC Press, _cc2005. |
||
| 300 |
_a783 p. : _bill. ; _c26 cm. |
||
| 650 | 0 |
_aEnvironmental chemistry. _@0000154237 |
|
| 852 | 1 | _9p5200 KES | |
| 908 | _a070606 | ||
| 950 | _@1 | ||
| 999 |
_c6858 _d6858 |
||